ISO 9000 (Registro nro. 2819)

Detalles MARC
000 -LEADER
fixed length control field 01034 a2200229 4500
001 - CONTROL NUMBER
control field 37844
005 - DATE AND TIME OF LATEST TRANSACTION
control field 20260407155645.0
008 - FIXED-LENGTH DATA ELEMENTS--GENERAL INFORMATION
fixed length control field 260407a2001 arg spa d
003 - CONTROL NUMBER IDENTIFIER
control field AR-UNSa-BCEJYS
040 ## - CATALOGING SOURCE
Original cataloging agency AR-UNSa-BCEJYS
Language of cataloging spa
Transcribing agency AR-UNSa-BCEJYS
080 ## - UNIVERSAL DECIMAL CLASSIFICATION NUMBER
Universal Decimal Classification number 658.56
Common auxiliary subdivision Control de la calidad. Control de herramientas y material
100 1# - MAIN ENTRY--PERSONAL NAME
Personal name Lafaye, Hugo Enrique
245 10 - TITLE STATEMENT
Title ISO 9000
Name of part/section of a work versión 2000, experiencia operativa
264 #1 - PRODUCTION, PUBLICATION, DISTRIBUTION, MANUFACTURE, AND COPYRIGHT NOTICE
Place of production, publication, distribution, manufacture Córdoba :
Name of producer, publisher, distributor, manufacturer Universidad Nacional de Córdoba
Date of production, publication, distribution, manufacture, or copyright notice 2001
300 ## - PHYSICAL DESCRIPTION
Extent 189 p.
Dimensions 20 cm.
505 ## - FORMATTED CONTENTS NOTE
Formatted contents note 1. Introducción - 2. ISO 9000, modificaciones - 3. Decisión e implementación - 4. La consultoría - 5. La preparación - 6. Manual de calidad - 7. La Pyme y el medio ambiente - 8. Inversiones y resultados - 9. La ISO que se vienen - 10. Normas ISO 9001, requisitos.
590 ## - LOCAL NOTE (RLIN)
Local note niveau_biblio:m niveau_hierar:0
650 ## - SUBJECT ADDED ENTRY--TOPICAL TERM
Topical term or geographic name entry element Norma ISO 9000
650 ## - SUBJECT ADDED ENTRY--TOPICAL TERM
Topical term or geographic name entry element norma iso 9000
856 41 - ELECTRONIC LOCATION AND ACCESS
Uniform Resource Identifier <a href="https://biblioeco.unsa.edu.ar/pmb/images/libros/L86338.jpg">https://biblioeco.unsa.edu.ar/pmb/images/libros/L86338.jpg</a>
Link text Imagen de portada
Electronic format type image/jpeg
942 ## - ADDED ENTRY ELEMENTS (KOHA)
Koha item type
Existencias
Withdrawn status Lost status Damaged status Not for loan Home library Current library Shelving location Date acquired Total checkouts Full call number Barcode Date last seen Price effective from Koha item type
        Biblioteca Prof. Eusebio Cleto del Rey Biblioteca Prof. Eusebio Cleto del Rey   07/04/2026   658.56 L161 L86338 07/04/2026 07/04/2026 Libro